[Event "Guernsey Open"]
[Site "?"]
[Date "2002.??.??"]
[Round "1"]
[White "Gelashvili, Tamaz"]
[Black "Mycroft, R."]
[Result "1-0"]
[WhiteElo "2516"]
[BlackElo "2008"]
[PlyCount "83"]
[EventDate "2002.10.20"]

1. e4 e6 2. d3 d5 3. Nd2 c5 4. Ngf3 Nc6 5. g3 Nf6 6. Bg2 Be7 7. O-O O-O 8. Re1
a5 9. a4 Rb8 10. Qe2 b6 11. c3 Ba6 12. e5 Ne8 13. Nf1 Nc7 14. h4 b5 15. axb5
Rxb5 16. h5 f6 17. h6 fxe5 18. hxg7 Rf7 19. Nxe5 Nxe5 20. Qxe5 Bf6 21. Qe2 e5
22. c4 Rb4 23. Ne3 e4 24. Rxa5 exd3 25. Qxd3 d4 26. Nf5 Bxc4 27. Nh6+ Kxg7 28.
Nxf7 Bxd3 29. Nxd8 Bxd8 30. Rxc5 Rc4 31. Rxc4 Bxc4 32. Bf4 Ne6 33. Be5+ Bf6 34.
Bxf6+ Kxf6 35. Bf1 d3 36. Rd1 Nc5 37. b4 Na6 38. Bxd3 Bxd3 39. Rxd3 Nxb4 40.
Rd4 Nc2 41. Rc4 Na3 42. Rc5 1-0

[Event "Guernsey Open"]
[Site "?"]
[Date "2002.??.??"]
[Round "1"]
[White "Hauptmann, Thomas"]
[Black "Webster, Andrew"]
[Result "0-1"]
[WhiteElo "2050"]
[BlackElo "2415"]
[PlyCount "88"]
[EventDate "2002.10.20"]

1. e4 c5 2. Nf3 Nc6 3. d4 cxd4 4. Nxd4 Qb6 5. Nb3 Nf6 6. Nc3 e6 7. Be3 Qc7 8.
g3 a6 9. Bg2 Ne5 10. Bf4 Bb4 11. Qd4 Bxc3+ 12. bxc3 d6 13. Rd1 Bd7 14. O-O Bb5
15. Rfe1 O-O-O 16. Bxe5 dxe5 17. Qb4 h5 18. a4 Bc6 19. Na5 Rxd1 20. Rxd1 Bxe4
21. Bxe4 Nxe4 22. Nc4 Kb8 23. Nb6 Nf6 24. a5 h4 25. gxh4 e4 26. Rd4 Ng4 27.
Nd7+ Ka8 28. Nb6+ Ka7 29. Qd6 Qxd6 30. Rxd6 Rh5 31. Rd7 Rxa5 32. Nc8+ Kb8 33.
Nd6 Rd5 34. Rxb7+ Ka8 35. Rb6 f5 36. Rxa6+ Kb8 37. Nc4 Rd1+ 38. Kg2 f4 39. Rxe6
f3+ 40. Kg3 Rg1+ 41. Kf4 Nxf2 42. Ne3 Kc7 43. Ra6 Nd1 44. h5 f2 0-1

[Event "Guernsey Open"]
[Site "?"]
[Date "2002.??.??"]
[Round "1"]
[White "Bellin, Robert"]
[Black "Goldberg, Menashe"]
[Result "1-0"]
[WhiteElo "2360"]
[BlackElo "2039"]
[PlyCount "53"]
[EventDate "2002.10.20"]

1. Nf3 Nc6 2. d4 d5 3. g3 Bg4 4. Nbd2 e6 5. Bg2 Be7 6. O-O h5 7. c3 h4 8. b4
hxg3 9. hxg3 a6 10. a4 Nf6 11. Bb2 Bd6 12. b5 Ne7 13. c4 Ne4 14. c5 Bxg3 15.
fxg3 Nxg3 16. Re1 Nef5 17. Qb3 Ne4 18. Qd3 Nxd2 19. Qxd2 Bxf3 20. exf3 Qh4 21.
Re5 Qh2+ 22. Kf1 Rh6 23. bxa6 Rxa6 24. Bc1 Ng3+ 25. Kf2 Ne4+ 26. Rxe4 dxe4 27.
Qf4 {remaining moves incomplete but 1-0, 47.} 1-0

[Event "Guernsey Open"]
[Site "?"]
[Date "2002.??.??"]
[Round "1"]
[White "Wilson, Alexandra"]
[Black "Corkett, Anthony"]
[Result "0-1"]
[WhiteElo "1816"]
[BlackElo "2313"]
[PlyCount "86"]
[EventDate "2002.10.20"]

1. e4 c5 2. Nf3 Nc6 3. c3 e6 4. d4 d5 5. e5 Qb6 6. a3 a5 7. Bd3 Bd7 8. Bc2 Qb5
9. Ng5 Be7 10. b3 cxd4 11. cxd4 Qb6 12. Nf3 Nh6 13. Bxh6 gxh6 14. Nc3 Bxa3 15.
O-O Be7 16. Ne2 Nb4 17. Nf4 O-O-O 18. Qb1 Kb8 19. Bxh7 Rc8 20. Bd3 Rc3 21. Rd1
Rhc8 22. Ne2 R3c7 23. Rc1 Nxd3 24. Rxc7 Rxc7 25. Qxd3 Bb5 26. Qe3 Bxe2 27. Qxe2
Qxb3 28. Qd2 Qc3 29. Qa2 Bb4 30. h3 Qc2 31. Kh2 b5 32. Kg3 Kb7 33. Qxc2 Rxc2
34. h4 Kb6 35. Rf1 a4 36. Kg4 a3 37. Kh5 Bd2 38. Nxd2 Rxd2 39. Kxh6 a2 40. h5
Rxf2 41. Rxf2 a1=Q 42. Rf4 b4 43. Kg5 b3 0-1

[Event "Guernsey Open"]
[Site "?"]
[Date "2002.??.??"]
[Round "1"]
[White "Van Voorthuijsen, PW."]
[Black "Kemp, Paul M"]
[Result "1-0"]
[WhiteElo "2304"]
[BlackElo "2028"]
[PlyCount "97"]
[EventDate "2002.10.20"]

1. d4 Nf6 2. c4 g6 3. g3 Bg7 4. Bg2 O-O 5. Nf3 d6 6. O-O c5 7. Nc3 Nbd7 8. d5
a6 9. a4 b6 10. h3 Bb7 11. e4 Re8 12. Bf4 Nh5 13. Be3 Ne5 14. Nd2 Nd3 15. Qe2
Nb4 16. g4 Nf6 17. Rac1 e6 18. Rfd1 e5 19. Nf1 h6 20. g5 hxg5 21. Bxg5 Qc7 22.
Ng3 Nh7 23. Be3 Bc8 24. f4 exf4 25. Bxf4 Be5 26. Rf1 f6 27. Rf3 Qe7 28. Rcf1
Rf8 29. Qd2 Bd7 30. Nge2 Ng5 31. Rg3 Qh7 32. Bxe5 dxe5 33. Kh2 Kg7 34. Ng1 Qh6
35. Qf2 Rf7 36. a5 bxa5 37. Qxc5 Rc8 38. Qd6 Rxc4 39. Rxf6 Rxf6 40. Qxd7+ Rf7
41. Qe8 Nh7 42. Qxe5+ Nf6 43. Nge2 Qh5 44. Qe6 Nd3 45. Rxd3 Qh4 46. Rg3 Rb4 47.
e5 Nh5 48. Rxg6+ Kf8 49. Qc8+ 1-0

[Event "Guernsey Open"]
[Site "?"]
[Date "2002.??.??"]
[Round "1"]
[White "Kitchlew, Andrew"]
[Black "Havenaar, Jan"]
[Result "1-0"]
[WhiteElo "2090"]
[BlackElo "2267"]
[PlyCount "97"]
[EventDate "2002.10.20"]

1. d4 Nf6 2. Nf3 d6 3. Nbd2 g6 4. e4 Bg7 5. Bd3 O-O 6. O-O Nc6 7. d5 Nb4 8. Be2
a5 9. Nd4 Na6 10. c3 Nc5 11. Qc2 e5 12. N4b3 Ncd7 13. a4 c6 14. c4 Ne8 15. Nf3
cxd5 16. cxd5 h6 17. Bd3 b6 18. Be3 Nc5 19. Nxc5 bxc5 20. Nd2 f5 21. f3 f4 22.
Bf2 Rf7 23. Nc4 g5 24. Be1 Bf8 25. Qc3 g4 26. Be2 h5 27. Nxa5 g3 28. h3 Qh4 29.
Bb5 Bxh3 30. gxh3 Qxh3 31. Qc2 g2 32. Qxg2+ Rg7 33. Rf2 Nc7 34. Bf1 Qd7 35. Nc6
Rxg2+ 36. Rxg2+ Kh7 37. Rg5 Bh6 38. Rxh5 Rg8+ 39. Kf2 Qe8 40. Rh1 Ne6 41. Bh3
Nd4 42. Nxd4 exd4 43. b4 Rg3 44. Bf5+ Kg7 45. bxc5 dxc5 46. Bd2 Bg5 47. Rh7+
Kg8 48. Rah1 Qxa4 49. Be6+ 1-0

[Event "Guernsey Open"]
[Site "?"]
[Date "2002.??.??"]
[Round "1"]
[White "Spanton, Timothy"]
[Black "Van Dijk, Bram"]
[Result "0-1"]
[WhiteElo "2005"]
[BlackElo "2241"]
[PlyCount "110"]
[EventDate "2002.10.20"]

1. c4 e5 2. g3 Bc5 3. Bg2 Nc6 4. Nc3 d6 5. e3 Bf5 6. d3 Nge7 7. a3 a5 8. Nge2
Qd7 9. Nd5 O-O 10. O-O Bg4 11. Nxe7+ Qxe7 12. h3 Bh5 13. g4 Bg6 14. Ng3 Qh4 15.
Nf5 Bxf5 16. gxf5 h5 17. Qf3 Ne7 18. Kh2 g6 19. e4 Nc6 20. Be3 Nd4 21. Bxd4
Bxd4 22. Rab1 a4 23. Qg3 Qf6 24. Rg1 Kh7 25. Qf3 Ra6 26. b4 axb3 27. Rxb3 b6
28. Bh1 Raa8 29. Qe2 Qh4 30. Rg3 Qf4 31. Qf3 Qd2 32. Rg1 Qxf2+ 33. Qxf2 Bxf2
34. Rg2 Bc5 35. Ra2 Rg8 36. Bf3 Ra5 37. fxg6+ fxg6 38. Rb5 Rxa3 39. Rxa3 Bxa3
40. Rb1 Bc5 41. Ra1 Kh6 42. Ra7 Rg7 43. Ra8 Rf7 44. Kg3 Bb4 45. Re8 Be1+ 46.
Kg2 Kg5 47. Rg8 Bh4 48. Re8 Kf4 49. Be2 Ke3 50. Bf1 Rf2+ 51. Kg1 Bg3 52. Rg8
Bh2+ 53. Kh1 Rxf1+ 54. Kxh2 Kxd3 55. Rxg6 Kxc4 0-1

[Event "Guernsey Open"]
[Site "?"]
[Date "2002.??.??"]
[Round "1"]
[White "Ballon, Guenther Jan"]
[Black "Ruston, Mark"]
[Result "1/2-1/2"]
[WhiteElo "2219"]
[BlackElo "2065"]
[PlyCount "139"]
[EventDate "2002.10.20"]

1. d4 d5 2. c4 c6 3. Nf3 Nf6 4. Qc2 dxc4 5. Qxc4 Bf5 6. Nc3 e6 7. e3 Nbd7 8.
Be2 Bd6 9. O-O Qc7 10. Bd2 h6 11. Rac1 Rc8 12. b4 O-O 13. Qb3 Qb8 14. Rfd1 Rfd8
15. Be1 Ne4 16. h3 Ndf6 17. Nxe4 Nxe4 18. Bd3 Bc7 19. Qb1 Nd6 20. Bxf5 Nxf5 21.
b5 Ne7 22. bxc6 Nxc6 23. a4 a6 24. Qb3 Rd7 25. Kf1 Bd8 26. Qb1 b5 27. axb5 axb5
28. Rc5 Rb7 29. Rdc1 Ne7 30. Bb4 Rxc5 31. dxc5 Nc6 32. Nd4 Nxd4 33. exd4 Qh2
34. c6 Rc7 35. Qc2 Qh1+ 36. Ke2 Qxg2 37. Ba5 Rc8 38. Bxd8 Rxd8 39. c7 Rc8 40.
Qc5 Qxh3 41. Qd6 Qh5+ 42. Ke1 Qd5 43. Qxd5 exd5 44. Rc5 Kf8 45. Ke2 Ke7 46.
Rxd5 Rxc7 47. Rxb5 Ra7 48. Ke3 Ke6 49. Ke4 g6 50. Rb6+ Ke7 51. f4 Rd7 52. d5 h5
53. Ke5 f6+ 54. Kd4 h4 55. Re6+ Kf7 56. Re1 g5 57. fxg5 fxg5 58. Re6 Re7 59.
Rc6 Re1 60. Rh6 Kg7 61. Rh5 Kg6 62. Rh8 Kf5 63. d6 Kg4 64. Kd5 h3 65. d7 Rd1+
66. Ke6 Kg3 67. d8=Q Rxd8 68. Rxd8 h2 69. Rh8 Kg2 70. Kf5 1/2-1/2

[Event "Guernsey Open"]
[Site "?"]
[Date "2002.??.??"]
[Round "1"]
[White "Kuijpers, Peter CA"]
[Black "Rosen, Daniel"]
[Result "1/2-1/2"]
[WhiteElo "1985"]
[BlackElo "2201"]
[PlyCount "65"]
[EventDate "2002.10.20"]

1. e4 g6 2. d4 Bg7 3. Nc3 d6 4. f4 Nf6 5. a3 O-O 6. Nf3 Nbd7 7. Bc4 Nb6 8. Ba2
c6 9. O-O Qc7 10. h3 c5 11. Be3 cxd4 12. Bxd4 Qc6 13. Qd3 Na4 14. Nd5 Nxd5 15.
Bxd5 Bxd4+ 16. Qxd4 Qb6 17. Qxb6 Nxb6 18. Bb3 Bd7 19. e5 Bb5 20. Rfe1 d5 21. e6
f6 22. a4 Bc4 23. a5 Nc8 24. Ba4 Nd6 25. Red1 Rac8 26. Nd4 Rfd8 27. b3 Ba6 28.
b4 Bc4 29. a6 b5 30. Bb3 Bxb3 31. cxb3 Rc3 32. Ra5 Rb8 33. Kf2 1/2-1/2

[Event "Guernsey Open"]
[Site "?"]
[Date "2002.??.??"]
[Round "1"]
[White "Knight, Timothy"]
[Black "Kamps, JW."]
[Result "0-1"]
[WhiteElo "1765"]
[BlackElo "1993"]
[PlyCount "56"]
[EventDate "2002.10.20"]

1. e4 c5 2. Nf3 d6 3. Bb5+ Bd7 4. Bxd7+ Qxd7 5. O-O Nc6 6. c3 Nf6 7. Re1 e6 8.
d4 cxd4 9. cxd4 d5 10. e5 Ng8 11. Nc3 Nge7 12. a3 Ng6 13. b4 Rc8 14. Bd2 Be7
15. Na4 b6 16. Rc1 O-O 17. Nc3 f6 18. exf6 Rxf6 19. Bg5 Rxf3 20. Bxe7 Rxc3 21.
Rxc3 Ncxe7 22. Rxc8+ Nxc8 23. Qg4 Nf8 24. h4 Nd6 25. h5 Nc4 26. Qh3 Qf7 27. Qg3
Qxh5 28. Qb8 Qf7 0-1

[Event "Guernsey Open"]
[Site "?"]
[Date "2002.??.??"]
[Round "1"]
[White "Bareham, D."]
[Black "Broek, Thomas"]
[Result "1/2-1/2"]
[WhiteElo "1920"]
[BlackElo "2194"]
[PlyCount "57"]
[EventDate "2002.10.20"]

1. e4 e5 2. Nf3 Nc6 3. Bb5 f5 4. d3 Nf6 5. Qe2 d6 6. O-O fxe4 7. dxe4 Bg4 8. c3
Be7 9. h3 Bd7 10. Rd1 O-O 11. Bc4+ Kh8 12. Ng5 Qe8 13. Ne6 Bxe6 14. Bxe6 Nh5
15. g3 Nd8 16. Bg4 Nf6 17. Bf3 Ne6 18. Nd2 Qg6 19. Bg2 Nh5 20. Nf1 Bg5 21. Ne3
Bxe3 22. Bxe3 Nhf4 23. Qg4 Qxg4 24. hxg4 Nxg2 25. Kxg2 h6 26. Rf1 g5 27. f3 Rf6
28. Kf2 Raf8 29. Ke2 1/2-1/2

[Event "Guernsey Open"]
[Site "?"]
[Date "2002.??.??"]
[Round "1"]
[White "Thurlow, Kevin"]
[Black "Westerkamp, Bert"]
[Result "1/2-1/2"]
[WhiteElo "2203"]
[BlackElo "1961"]
[PlyCount "88"]
[EventDate "2002.10.20"]

1. e4 e5 2. Nf3 Nc6 3. Bb5 a6 4. Ba4 Nf6 5. O-O Be7 6. Re1 b5 7. Bb3 d6 8. c3
O-O 9. h3 Nb8 10. d4 Nbd7 11. Nbd2 Bb7 12. Bc2 Re8 13. Nf1 Bf8 14. Ng3 g6 15.
a4 Bg7 16. h4 c5 17. d5 Nb6 18. h5 bxa4 19. Bg5 h6 20. hxg6 fxg6 21. Bc1 Bc8
22. Bxa4 Nxa4 23. Qxa4 Bd7 24. Qa5 Qxa5 25. Rxa5 Reb8 26. Nd2 Bf8 27. f3 Be7
28. c4 Bd8 29. Ra3 Rb4 30. Ngf1 Nh5 31. g3 Bg5 32. Kg2 a5 33. Ne3 Kg7 34. Ndf1
a4 35. Re2 Rab8 36. Rc2 Kf7 37. Ra2 Rb3 38. Bd2 Ke7 39. Kf2 Rf8 40. Rc3 Rb7 41.
Ng2 Bxd2 42. Nxd2 Rfb8 43. Rc2 Rf8 44. Rc3 Rfb8 1/2-1/2

[Event "Guernsey Open"]
[Site "?"]
[Date "2002.??.??"]
[Round "1"]
[White "Autin, DW."]
[Black "Woodward, Timothy"]
[Result "0-1"]
[WhiteElo "1920"]
[BlackElo "2185"]
[PlyCount "116"]
[EventDate "2002.10.20"]

1. d4 d5 2. c4 c6 3. cxd5 cxd5 4. Nf3 Nf6 5. Nc3 Nc6 6. g3 Bf5 7. Bg2 e6 8. O-O
h6 9. Qb3 Qb6 10. Qxb6 axb6 11. Nb5 Ra5 12. a4 Bb4 13. Bd2 O-O 14. Rfc1 Rfa8
15. Bxb4 Nxb4 16. b3 Ne8 17. Nc7 Nxc7 18. Rxc7 b5 19. Rac1 bxa4 20. bxa4 Rxa4
21. Rxb7 Ra1 22. Rbc7 Nc2 23. Rf1 Be4 24. Ne5 Rxf1+ 25. Bxf1 Nxd4 26. f3 Bg6
27. Kf2 Nb5 28. Rb7 Nd6 29. Rc7 Rc8 30. Rxc8+ Nxc8 31. Nxg6 fxg6 32. e3 g5 33.
Ba6 Nd6 34. Ke2 Kf7 35. Bd3 Kf6 36. Kd2 Nf7 37. Bf1 Ne5 38. Be2 Kf5 39. h3 Nf7
40. Bd3+ Ke5 41. Bg6 Nd6 42. Ke2 Nf5 43. Kf2 d4 44. exd4+ Kxd4 45. Bf7 e5 46.
Bg6 Ne7 47. Be4 Ng8 48. Bf5 Nf6 49. Bg6 h5 50. g4 h4 51. Bf7 Nd7 52. Bg6 Nc5
53. Ke2 Ne6 54. Be4 Nf4+ 55. Kf2 Nxh3+ 56. Kg2 Nf4+ 57. Kh2 Ke3 58. Bb7 Kf2 0-1

[Event "Guernsey Open"]
[Site "?"]
[Date "2002.??.??"]
[Round "1"]
[White "Lock, Gavin"]
[Black "Kuijpers, Paul JM"]
[Result "1-0"]
[WhiteElo "2120"]
[BlackElo "1915"]
[PlyCount "59"]
[EventDate "2002.10.20"]

1. d4 e6 2. c4 b6 3. e4 d5 4. cxd5 exd5 5. e5 Bb7 6. Nf3 Nd7 7. Nc3 a6 8. Bd3
c5 9. Bc2 g6 10. O-O cxd4 11. Qxd4 Bg7 12. Bg5 Qc8 13. Bb3 h6 14. Bh4 g5 15.
Bg3 Ne7 16. Nxd5 Nf5 17. Qg4 Nxg3 18. Qxg3 Nc5 19. e6 Nxe6 20. Nxb6 Qc5 21.
Nxa8 Nf4 22. Rfe1+ Kf8 23. Rad1 Bf6 24. Rd7 Bd5 25. Bxd5 Nxd5 26. Qb8+ Kg7 27.
Qb7 Nf4 28. Nb6 g4 29. Rxf7+ Kg6 30. Rxf6+ 1-0

[Event "Guernsey Open"]
[Site "?"]
[Date "2002.??.??"]
[Round "1"]
[White "Gravett, AD."]
[Black "Tan, HB."]
[Result "0-1"]
[WhiteElo "1900"]
[BlackElo "2149"]
[PlyCount "26"]
[EventDate "2002.10.20"]

1. g3 d5 2. Nf3 Nc6 3. b3 Bf5 4. Ba3 Qd7 5. Bg2 Bh3 6. O-O h5 7. d4 h4 8. Bxh3
Qxh3 9. Nxh4 g5 10. Nf3 Nf6 11. e3 Ng4 12. Re1 Nxh2 13. Nbd2 Ng4 0-1

[Event "Guernsey Open"]
[Site "?"]
[Date "2002.??.??"]
[Round "1"]
[White "Doell, Detlef"]
[Black "Van de Walle, Rob P"]
[Result "1/2-1/2"]
[WhiteElo "2148"]
[BlackElo "1896"]
[PlyCount "58"]
[EventDate "2002.10.20"]

1. e4 c5 2. c4 Nc6 3. Ne2 e5 4. g3 d6 5. Bg2 Be6 6. d3 Qd7 7. Nbc3 Bh3 8. Bxh3
Qxh3 9. Ng1 Qg2 10. Qf3 Qxf3 11. Nxf3 Nd4 12. Nxd4 exd4 13. Nd5 Kd7 14. Bd2 Ne7
15. Nxe7 Bxe7 16. O-O a5 17. a4 b6 18. Rfe1 g5 19. h3 h5 20. f3 Rag8 21. e5 g4
22. fxg4 hxg4 23. h4 Rh5 24. Bf4 Rf5 25. Re4 dxe5 26. Rxe5 Rxe5 27. Bxe5 Bd6
28. Bxd6 Kxd6 29. Re1 f5 1/2-1/2

[Event "Guernsey Open"]
[Site "?"]
[Date "2002.??.??"]
[Round "1"]
[White "Plant, Paul"]
[Black "De Kruif, Kees"]
[Result "1-0"]
[WhiteElo "2024"]
[BlackElo "1861"]
[PlyCount "43"]
[EventDate "2002.10.20"]

1. d4 Nf6 2. c4 e5 3. dxe5 Ne4 4. Nf3 Nc6 5. a3 d6 6. Bf4 Be6 7. Qc2 Bf5 8. Nc3
Ng3 9. e4 Nxh1 10. exf5 dxe5 11. Be3 Qd7 12. Rd1 Bd6 13. c5 Nd4 14. Nxd4 exd4
15. Rxd4 O-O 16. cxd6 cxd6 17. Bb5 Qc7 18. f6 g6 19. Bh6 Qc5 20. Nd5 Rfe8+ 21.
Bxe8 Rxe8+ 22. Ne7+ 1-0

[Event "Guernsey Open"]
[Site "?"]
[Date "2002.??.??"]
[Round "1"]
[White "Almond, Richard"]
[Black "Huijzer, J."]
[Result "1-0"]
[WhiteElo "2127"]
[BlackElo "1890"]
[PlyCount "83"]
[EventDate "2002.10.20"]

1. d4 Nf6 2. c4 g6 3. Nc3 Bg7 4. e4 d6 5. Nf3 O-O 6. Be2 e5 7. O-O Nc6 8. d5
Ne7 9. Ne1 Nd7 10. f3 f5 11. g4 Nf6 12. Nd3 a5 13. Be3 b6 14. a3 Kh8 15. Nf2
Neg8 16. Qc2 f4 17. Bd2 h5 18. h3 Nh7 19. Nh1 Qh4 20. Rf2 Ng5 21. Bf1 Nxh3+ 22.
Bxh3 Qxh3 23. Be1 Nh6 24. Rd1 Qh4 25. Rg2 Qe7 26. gxh5 g5 27. Nf2 Qf7 28. Rxg5
Bd7 29. Kf1 Bf6 30. Rg6 Kh7 31. Ke2 Rg8 32. Nb5 Rxg6 33. hxg6+ Qxg6 34. Nxc7
Rc8 35. Ne6 Bh4 36. Rd2 b5 37. b3 bxc4 38. bxc4 Qg2 39. Qb3 Qg8 40. Qb7 Qf7 41.
Rb2 Bxf2 42. Ng5+ 1-0

[Event "Guernsey Open"]
[Site "?"]
[Date "2002.??.??"]
[Round "1"]
[White "Dekker, Jop"]
[Black "Skorna, Ullrich"]
[Result "0-1"]
[WhiteElo "1859"]
[BlackElo "2180"]
[PlyCount "54"]
[EventDate "2002.10.20"]

1. e4 e6 2. d4 d5 3. e5 c5 4. Nf3 Nc6 5. Bd3 Bd7 6. O-O c4 7. Be2 f6 8. Re1
fxe5 9. dxe5 Bc5 10. Bf4 Qb6 11. Bg3 Nh6 12. Nc3 Ne7 13. Qd2 Nef5 14. Nd1 Nxg3
15. hxg3 Ng4 16. Bf1 O-O 17. Re2 Rf5 18. b3 cxb3 19. axb3 Bb5 20. c4 dxc4 21.
Re4 Rd8 22. Qe2 h5 23. bxc4 Bc6 24. Rf4 Rdf8 25. Qd2 Bxf3 26. Rxf3 Rxf3 27.
gxf3 Rxf3 0-1

[Event "Guernsey Open"]
[Site "?"]
[Date "2002.??.??"]
[Round "1"]
[White "Brown, Allen M"]
[Black "Ruigrok, Jacques"]
[Result "1-0"]
[WhiteElo "2133"]
[BlackElo "1836"]
[PlyCount "111"]
[EventDate "2002.10.20"]

1. d4 Nf6 2. c4 e5 3. dxe5 Ne4 4. Nf3 Bb4+ 5. Nbd2 Nc6 6. a3 Bxd2+ 7. Bxd2 Nxd2
8. Qxd2 Qe7 9. e3 Nxe5 10. Be2 d6 11. O-O O-O 12. Nd4 Re8 13. Rac1 Bg4 14. f3
Bd7 15. Rfe1 Nc6 16. Bd3 Nxd4 17. exd4 Qf6 18. Be4 c6 19. Re3 Bf5 20. Rce1 Bxe4
21. Rxe4 Rxe4 22. Rxe4 b6 23. b4 Kf8 24. Qe3 Rb8 25. g3 Qf5 26. Qd3 g6 27. Qe2
Qd7 28. Qe3 Re8 29. Qh6+ Kg8 30. Qf4 Rxe4 31. fxe4 c5 32. bxc5 bxc5 33. dxc5
dxc5 34. Qb8+ Kg7 35. Qe5+ Kg8 36. Qxc5 Qd1+ 37. Kf2 Qc2+ 38. Kf3 Qxh2 39. Qe3
Qh1+ {(=)} 40. Ke2 Qh5+ 41. Kd3 Qa5 42. Kc2 Qc7 43. c5 Qc6 44. Qd4 Qa6 45. Kb3
Qb5+ 46. Kc3 Qa5+ 47. Qb4 Qc7 48. Kd4 Qxg3 49. c6 Qf2+ 50. Kd5 Qa2+ 51. Qc4
Qd2+ 52. Kc5 Qa5+ 53. Kd4 Qb6+ 54. Qc5 Qd8+ 55. Kc4 Qc7 56. e5 1-0

[Event "Guernsey Open"]
[Site "?"]
[Date "2002.??.??"]
[Round "1"]
[White "Barnard, PE."]
[Black "Von Saldern, Ruediger"]
[Result "1-0"]
[WhiteElo "1840"]
[BlackElo "2143"]
[PlyCount "85"]
[EventDate "2002.10.20"]

1. e4 e5 2. Nf3 Nc6 3. Bc4 Bc5 4. c3 Qe7 5. O-O d6 6. d3 Nf6 7. Be3 Bb6 8. Nbd2
O-O 9. b4 h6 10. h3 Kh7 11. a4 Be6 12. Bxe6 fxe6 13. a5 Bxe3 14. fxe3 Rf7 15.
b5 Nb8 16. Nc4 Nbd7 17. Qc2 Raf8 18. d4 Nh5 19. dxe5 dxe5 20. Ncxe5 Nxe5 21.
Nxe5 Rxf1+ 22. Rxf1 Rxf1+ 23. Kxf1 Qc5 24. Ng4 Qxb5+ 25. Kf2 e5 26. Qa2 Qe8 27.
Qd5 Nf6 28. Nxf6+ gxf6 29. Qxb7 Qd7 30. Qxa7 Qc6 31. a6 Qxc3 32. Qb7 Qd2+ 33.
Kf3 Qd1+ 34. Kg3 Qe1+ 35. Kh2 Qxe3 36. Qxc7+ Kg6 37. Qc4 Kg7 38. Qc6 h5 39.
Qd7+ Kf8 40. Qf5 Kg7 41. Qf3 Qa7 42. Qd3 Qc7 43. Qg3+ 1-0

[Event "Guernsey Open"]
[Site "?"]
[Date "2002.??.??"]
[Round "1"]
[White "Reijneveld, Ad"]
[Black "Morris, Graham"]
[Result "1-0"]
[WhiteElo "2110"]
[BlackElo "1806"]
[PlyCount "95"]
[EventDate "2002.10.20"]

1. Nc3 Nf6 2. d4 d5 3. Bg5 e6 4. e4 Be7 5. e5 Nfd7 6. h4 a6 7. Qg4 Bxg5 8. hxg5
Qe7 9. g6 h6 10. gxf7+ Qxf7 11. Bd3 Nf8 12. Rh3 Bd7 13. Rf3 Qg8 14. Bg6+ Kd8
15. Nge2 Nc6 16. O-O-O Nxg6 17. Qxg6 Ne7 18. Qg4 Kc8 19. Nf4 b6 20. Re1 c6 21.
Na4 Kc7 22. Ng6 Nxg6 23. Qxg6 Be8 24. Qg4 Bd7 25. Rb3 Rb8 26. Qe2 a5 27. Qd2
Qf7 28. Ree3 Rhf8 29. Rf3 Qe7 30. Rxb6 Rxf3 31. Rxb8 Rxf2 32. Qxf2 Kxb8 33. Nc5
Bc8 34. b3 Ka7 35. Kb2 Kb6 36. Qe2 Qe8 37. Ka3 Qe7 38. Ka4 Qa7 39. Qd2 Qa8 40.
Qf4 Qa7 41. Qf8 Qc7 42. Qd6 g5 43. Qf8 Ka7 44. Qxh6 Qb6 45. Qg7+ Ka8 46. c3
Qb5+ 47. Ka3 Qf1 48. Qc7 1-0

[Event "Guernsey Open"]
[Site "?"]
[Date "2002.??.??"]
[Round "1"]
[White "Opgenhaffen, Gerie"]
[Black "Loerke, Reinhard"]
[Result "0-1"]
[WhiteElo "1786"]
[BlackElo "2086"]
[PlyCount "120"]
[EventDate "2002.10.20"]

1. d4 Nf6 2. c4 d5 3. e3 c6 4. Nc3 Bf5 5. Nf3 Nbd7 6. cxd5 Nxd5 7. Bc4 N7b6 8.
Bb3 Nb4 9. e4 Bg6 10. a3 Na6 11. Ne5 Qd6 12. h4 h5 13. Bf4 Rh7 14. Qf3 Nd7 15.
Bxf7+ Bxf7 16. Nxf7 Qxd4 17. Ng5 Rh6 18. Rd1 Qf6 19. Nh3 Rh8 20. Qd3 Nac5 21.
Qd2 e5 22. Bg5 Qf7 23. b4 Ne6 24. Ne2 Nf6 25. Ng3 Rd8 26. Qe2 Rxd1+ 27. Qxd1
Nd4 28. Be3 {(=)} Qc4 29. Bxd4 exd4 30. Nf5 Qc3+ 31. Qd2 Nxe4 32. Qxc3 dxc3 33.
Ke2 g6 34. Nd4 c5 35. bxc5 Bxc5 36. Kd3 Nd6 37. Re1+ Kd7 38. Nc2 Rc8 39. f3 Nb5
40. a4 Na3 41. Re2 Nxc2 42. Kxc2 Bd6 43. Ng5 Rc4 44. Ne4 Rxa4 45. Kxc3 Be7 46.
g3 b5 47. Rd2+ Kc6 48. Kb2 Rc4 49. Nf2 a5 50. Nd3 Bf6+ 51. Ka2 Rc3 52. g4 b4
53. gxh5 Ra3+ 54. Kb1 b3 55. Nb2 gxh5 56. Re2 Kd5 57. f4 Ra2 58. Rd2+ Ke4 59.
Re2+ Kf5 60. Kc1 Rxb2 0-1

[Event "Guernsey Open"]
[Site "?"]
[Date "2002.??.??"]
[Round "1"]
[White "Ippel, Cornelius"]
[Black "Wood, Peter C"]
[Result "1-0"]
[WhiteElo "2108"]
[BlackElo "1784"]
[PlyCount "80"]
[EventDate "2002.10.20"]

1. Nc3 d5 2. e4 dxe4 3. Nxe4 Bf5 4. Ng3 Bg6 5. Nf3 Nd7 6. Bc4 e6 7. O-O h5 8.
Re1 h4 9. Ne4 Be7 10. d4 c6 11. Neg5 Qa5 12. Bxe6 fxe6 13. Nxe6 Rh7 14. c3 Bh5
15. Qd3 g6 16. Ne5 Nf8 17. b4 Bxb4 18. cxb4 Qxb4 19. Bd2 Qd6 20. Nf4 O-O-O 21.
Be3 Re7 22. Nc4 Qf6 23. Rac1 Bg4 24. Ne5 Bf5 25. Qa3 Kb8 26. d5 Rxe5 27. Qxa7+
Kc8 28. dxc6 bxc6 29. Qa6+ Kd7 30. Red1+ Ke8 31. Rxd8+ Qxd8 32. Qxc6+ Qd7 33.
Qc3 Rb5 34. Bc5 Rb1 35. Rxb1 Bxb1 36. Qe1+ Ne6 37. Nxe6 Be4 38. Ng5 Qd5 39.
Qxe4+ Qxe4 40. Nxe4 Kf7 1-0

[Event "Guernsey Open"]
[Site "?"]
[Date "2002.??.??"]
[Round "1"]
[White "Fassaert, D."]
[Black "Lanzer, RA."]
[Result "1-0"]
[WhiteElo "2095"]
[BlackElo "1744"]
[PlyCount "79"]
[EventDate "2002.10.20"]

1. Nf3 d5 2. d4 Nf6 3. Bg5 e6 4. e3 Be7 5. Nbd2 Nbd7 6. c3 O-O 7. Bd3 c5 8. O-O
c4 9. Bc2 b5 10. Qe2 Bb7 11. Ne5 Nxe5 12. dxe5 Ne4 13. Bxe7 Qxe7 14. Nxe4 dxe4
15. Qg4 f6 16. exf6 Qxf6 17. Rad1 Rad8 18. Rxd8 Rxd8 19. Rd1 Rd5 20. Rxd5 exd5
21. Qd7 Qc6 22. Qxc6 Bxc6 23. f4 Bd7 24. Bd1 g6 25. g4 a5 26. Kg2 b4 27. Kg3
Kf7 28. h4 h6 29. Be2 Ke7 30. Bf1 bxc3 31. bxc3 Kd6 32. Bh3 h5 33. gxh5 gxh5
34. Bxd7 Kxd7 35. f5 Ke7 36. Kf4 Kf6 37. a4 d4 38. exd4 e3 39. Kxe3 Kxf5 40.
Kf3 1-0

[Event "Guernsey Open"]
[Site "?"]
[Date "2002.??.??"]
[Round "1"]
[White "Van Hoek, W."]
[Black "Marotzke, Stefan"]
[Result "1/2-1/2"]
[WhiteElo "1761"]
[BlackElo "2089"]
[PlyCount "33"]
[EventDate "2002.10.20"]

1. e4 d5 2. exd5 Nf6 3. Bb5+ Bd7 4. Be2 Bf5 5. d4 Nxd5 6. a3 e6 7. c4 Nb6 8.
Nc3 c6 9. Be3 Be7 10. Qd2 N8d7 11. Rd1 Nf6 12. Qc1 O-O 13. h3 Ne4 14. Nxe4 Bxe4
15. Nf3 Bf6 16. O-O Qe7 17. Ne5 1/2-1/2

[Event "Guernsey Open"]
[Site "?"]
[Date "2002.??.??"]
[Round "1"]
[White "Goris, Ton"]
[Black "Van de Linden, Marcel"]
[Result "1-0"]
[WhiteElo "2078"]
[BlackElo "1760"]
[PlyCount "97"]
[EventDate "2002.10.20"]

1. e4 e6 2. d4 d5 3. e5 c5 4. c3 Nc6 5. Nf3 cxd4 6. cxd4 Qc7 7. a3 f6 8. exf6
Nxf6 9. Nc3 a6 10. Bd3 Bd6 11. O-O O-O 12. Bg5 g6 13. Rc1 Qg7 14. Qd2 Ng4 15.
Ne2 Rf7 16. h3 Nf6 17. Bh6 Qh8 18. Ng5 Re7 19. Bb1 Bd7 20. Rfe1 Bc7 21. Nf4
Bxf4 22. Qxf4 Nh5 23. Qd6 Qf6 24. Nf3 Rae8 25. Bg5 Qf7 26. Ne5 Nxe5 27. Qxe5
Bc6 28. Bxe7 Rxe7 29. Re3 Qf4 30. Rce1 Qxe5 31. Rxe5 Ng7 32. g3 Rf7 33. f4 Bd7
34. Kg2 Kf8 35. Bd3 Ke7 36. Rf1 Kd6 37. g4 Rf8 38. Rf2 Rf6 39. Kg3 Rf8 40. Rc2
Bc6 41. Re1 Rf7 42. Rec1 Rc7 43. b4 b5 44. a4 Ne8 45. Kh4 bxa4 46. Bxa6 a3 47.
b5 Bxb5 48. Bxb5 Rxc2 49. Rxc2 1-0

[Event "Guernsey Open"]
[Site "?"]
[Date "2002.??.??"]
[Round "1"]
[White "Hunt, L."]
[Black "Kuijpers, CF."]
[Result "0-1"]
[WhiteElo "1744"]
[BlackElo "2080"]
[PlyCount "76"]
[EventDate "2002.10.20"]

1. e4 e6 2. d4 d5 3. Nc3 Bb4 4. e5 Qd7 5. Bd2 b6 6. Bb5 c6 7. Ba4 Ba6 8. a3 Bf8
9. Nge2 Ne7 10. b4 Bc4 11. O-O h5 12. Re1 Nf5 13. Bf4 Be7 14. Ng3 Nxg3 15. fxg3
a5 16. bxa5 Rxa5 17. Bc1 Qa7 18. Qd2 Rxa4 19. Nxa4 Qxa4 20. Qf2 c5 21. c3 cxd4
22. cxd4 Nc6 23. Be3 b5 24. Bd2 O-O 25. Qf4 Bd3 26. Bc3 Be4 27. Qe3 Ra8 28. Bb2
Na5 29. Rf1 Nc4 30. Qf4 Bg6 31. Bc1 b4 32. Rf2 bxa3 33. g4 Qd1+ 34. Rf1 Qxg4
35. Qf2 h4 36. Bf4 h3 37. g3 Rb8 38. Rac1 Rb2 0-1